Philosophical foundations of gerontology /

Bibliographic Details
Other Authors: McKee, Patrick L.
Format: Book
Language:English
Published: New York, N.Y. : Human Sciences Press, [1982]
Subjects:

MARC

Tag First Indicator Second Indicator Subfields
LEADER 00000cam a22000008a 4500
001 in00000087549
005 20151008064839.0
008 810407s1982 nyu b 00100 eng
010 |a  81002922  
020 |a 0898850401 
020 |a 089885041X (pbk.) 
035 |a (OCoLC)07462567 
035 |9 AAK4905AM 
039 0 |a 2  |b 3  |c 3  |d 3  |e 3 
040 |a DLC  |c DLC  |d TXA  |d UtOrBLW 
049 |a TXAM  |c [1673081] 
050 0 0 |a HQ1061  |b .P43 
082 0 |a 305.2/6/01  |2 19 
245 0 0 |a Philosophical foundations of gerontology /  |c Patrick L. McKee, editor. 
263 |a 8110 
264 1 |a New York, N.Y. :  |b Human Sciences Press,  |c [1982] 
264 4 |c ©1982 
300 |a x, 352 pages ;  |c 22 cm. 
336 |a text  |b txt  |2 rdacontent 
337 |a unmediated  |b n  |2 rdamedia 
338 |a volume  |b nc  |2 rdacarrier 
504 |a Includes bibliographies and index. 
650 0 |a Gerontology  |x Philosophy. 
700 1 |a McKee, Patrick L. 
999 |a MARS 
999 f f |s 553c52c8-d4be-377b-89c3-ec7d522419f9  |i 3266ef38-2c7f-3700-b3b1-2d3767db3e6b  |t 0 
952 f f |p ric  |a Texas A&M University  |b Rellis Campus  |c Joint Library Facility  |d Remote Storage  |t 0  |e HQ1061 .P43  |h Library of Congress classification  |i unmediated -- volume  |m A14806142849 
998 f f |a HQ1061 .P43  |t 0  |l Remote Storage